| 000 | 00614cam a2200193 4500 | ||
|---|---|---|---|
| 001 | sa 65008704 | ||
| 003 | DLC | ||
| 005 | 20260227112157.0 | ||
| 008 | 900926m19639999ii 000 0 kano | ||
| 010 | _asa 65008704 | ||
| 040 |
_aDLC _cDLC _dDLC |
||
| 050 | 0 | 0 |
_aPL4657 _b.R3 |
| 100 | 0 |
_aŚrīraṅga, _d1904-1984. |
|
| 245 | 1 | 0 |
_aĒkānka saṅgraha. _csampādakaru Ādya Raṇgācārya. |
| 260 |
_aMaisūru. _bSāhitya Akādemiya paravāgi Kannaḍa Kavikāvyamāle, _c[1963]-<1986> |
||
| 300 |
_av <1-2> ; _c22 cm. |
||
| 500 | _aIn Kannada. | ||
| 500 | _aBiographical sketches of the contributors: p. [207]-208. | ||
| 999 |
_c65805 _d65805 |
||